| 000 | 01266nam0a2200361 4500 | ||
|---|---|---|---|
| 001 | RU\NLR\bibl\127012 | ||
| 005 | 20250617103412.0 | ||
| 020 |
_aRU _b98-34055 _9Книжная летопись |
||
| 021 |
_aRU _b98-26310 _91255 |
||
| 035 | _a(NLR Aleph) 000124423 | ||
| 090 |
_a709321 _c709321 |
||
| 100 | _a20000410d1998 |||y0rusy50 ca | ||
| 101 | 0 | _arus | |
| 102 | _aRU | ||
| 105 | _aa ||||||||| | ||
| 200 | 1 |
_aФельдмаршал _eВоен.-ист. повесть _fАндрей Кулаков |
|
| 210 |
_aКрасноярск _cГорница _d1998 |
||
| 215 |
_a254,[2] с. _d20 _cил. |
||
| 600 | 1 |
_aСалтыков _bПетр Семенович |
|
| 610 | 0 | _aПолководцы русские (д. л.) | |
| 610 | 0 | _aСемилетняя война 1756-1763 гг. (д. л.) | |
| 610 | 0 | _aИсторические романы и рассказы (д. л.) | |
| 675 |
_a882-93Кулаков _v3 _zrus |
||
| 686 |
_a17 _2rugasnti |
||
| 686 |
_a84(2Рос-Рус)6 _2rubbk |
||
| 700 | 1 |
_aКулаков _bА. Е. _gАндрей Евгеньевич _4070 |
|
| 801 | 0 |
_aRU _bRKP _c20000410 _gPSBO |
|
| 801 | 1 |
_aRU _bRKP _c20000410 |
|
| 801 | 2 |
_aRU _bNLR _c20010301 _grcr |
|
| 852 |
_aNLR _j98-3/7902 |
||
| 942 | _cBOOK | ||
| 980 | _aNB | ||